书目信息 |
| 题名: |
儒者无惑
|
|
| 作者: | 齐欣 编 | |
| 分册: | ||
| 出版信息: | 北京 中央民族大学出版社 2004 |
|
| 页数: | 199页 | |
| 开本: | 22cm | |
| 丛书名: | 国人心智丛书 | |
| 单 册: | ||
| 中图分类: | B222-49 | |
| 科图分类: | ||
| 主题词: | 儒家--人生哲学--通俗读物 | |
| 电子资源: | ||
| ISBN: | 7-81056-940-6 | |
| 000 | 01230nam0 2200349 450 | |
| 000 | 01193nam0 2200337 450 | |
| 000 | 01191nam0 2200349 450 | |
| 000 | 01137nam0 2200325 450 | |
| 000 | 01155nam0 2200313 450 | |
| 000 | 01118nam0 2200301 45 | |
| 001 | TS2006045146 | |
| 005 | 20061226111753.03 | |
| 010 | @a7-81056-940-6@dCNY22.00 | |
| 100 | @a20060829d2004 em y0chiy0110 ea | |
| 101 | 0 | @achi |
| 102 | @aCN@b110000 | |
| 105 | @aa z 000yy | |
| 200 | 1 | @a儒者无惑@ARu Zhe Wu Huo@e处事146德行@EChu Shi 146 De Xing@f齐欣编@FQi Xin Bian |
| 210 | @a北京@c中央民族大学出版社@d2004 | |
| 215 | @a199页@c插图@d22cm | |
| 225 | 2 | @a国人心智丛书 |
| 300 | @a影响2000年历史的大智大慧 | |
| 330 | @a本书所讲的大多是古代“士”的故事,“士”约略相当于现代的知识分子。同时选择了一些“学而优则仕”即做了官的士人的故事,表达了他们对生活的态度和人生的经验。 | |
| 410 | 0 | @12001 @a国人心智丛书 |
| 517 | 1 | @a处事146德行@AChu Shi 146 De Xing |
| 606 | 0 | @a儒家@x人生哲学@x通俗读物 |
| 690 | @aB222-49@v4 | |
| 701 | 0 | @a齐欣@AQi Xin@4编 |
| 801 | 0 | @aCN@b中图数据@c20061226 |
| 905 | @a10447@dB222-49@e286 | |
| 儒者无惑:处事146德行/齐欣编.-北京:中央民族大学出版社,2004 |
| 199页:插图;22cm.-(国人心智丛书) |
| 影响2000年历史的大智大慧 |
| ISBN 7-81056-940-6:CNY22.00 |
| 本书所讲的大多是古代“士”的故事,“士”约略相当于现代的知识分子。同时选择了一些“学而优则仕”即做了官的士人的故事,表达了他们对生活的态度和人生的经验。 |
| ● |
| 相关链接 |
|
|
|
|
正题名:儒者无惑
索取号:B222-49/286
 
预约/预借
| 序号 | 登录号 | 条形码 | 馆藏地/架位号 | 状态 | 备注 |
| 1 | 0609023 | 206090237 | 第一样本阅览室/ [索取号:B222-49/286] | 在馆 | |
| 2 | 0609024 | 206090246 | 第一借阅区/ [索取号:B222-49/286] | 在馆 | |
| 3 | 0609025 | 206090255 | 第一借阅区/ [索取号:B222-49/286] | 在馆 | |
| 4 | 0609026 | 206090264 | 第一借阅区/ [索取号:B222-49/286] | 在馆 | |
| 5 | 0609027 | 206090273 | 第一借阅区/ [索取号:B222-49/286] | 在馆 |